000 00808nam a2200241 i 4500
001 bg
245 0 0 _aInformator dla kandydatów na studia /
_cPolitechnika Koszalińska. Wydział Mechaniczny.
246 1 1 _aInformator 2003/2004 dla kandydatów na studia
260 _aKoszalin :
_bWydaw. Uczelniane PK,
_c2003.
300 _a94 s. ;
_c21 cm.
500 _aTyt. okł: Informator 2003/2004 dla kandydatów na studia.
650 9 _aTechnika
_xszkolnictwo wyższe
_zPolska
651 9 _aKoszalin
_xPolitechnika Koszalińska
655 _aInformatory
710 0 _aPolitechnika Koszalińska (Koszalin)
_bWydział Mechaniczny
020 _a8373650288
040 _cBPK
041 0 _apl
080 _a378.662(438)
920 _a83-7365-028-8
942 _cKS
008 s pl f |000 0 pol
999 _c42875
_d42875
856 _uhttp://koha.tu.koszalin.pl/cgi-bin/koha/opac-detail.pl?biblionumber=42875
_yKatalog online BPK